000 00516nam a2200145 a 4500
008 120416s1978 ||||||||||||||||| || u
050 _aHF 5549 Mil
100 _aMiller, M. Lawrence
245 1 0 _aBehaviour management
246 _athe new science of managing people at work
260 _aNew York
_bJohn Wiley and Sons
_c1978
300 _ax, 404p.
350 _a0.00
995 _D0.00
_FCBU-MAIN LIBRARY (Kitwe)
_H1
_I0.00
_UDAMAGED
_ZMain Library Open Access Collection
999 _c35709
_d35709